Pedagogía de la memoria para un país amnésico

Guardat en:
Dades bibliogràfiques
Autor principal: Ortega Valencia, Piedad
Altres autors: Gerardo Vélez Villafañe
Format: Llibre
Idioma:Spanish
Publicat: Bogotá (Colombia): Universidad Pedagógica Nacional, 2015
Col·lecció:Colección Trabajos de la Memoria
Matèries:
Accés en línia:Enlace del recurso
Etiquetes: Afegir etiqueta
Sense etiquetes, Sigues el primer a etiquetar aquest registre!

MARC

LEADER 00000nam a22000007a 4500
003 OSt
005 20170801150006.0
008 170801b2015 ck ||||| |||| 00| 0 spa d
020 |a 9789588908403 
040 |c CNA-IDEP 
082 |a 370.1  |b O77p 
100 |a Ortega Valencia, Piedad  |9 2992 
245 1 0 |a Pedagogía de la memoria para un país amnésico  |c Piedad Ortega Valencia, Clara Castro Sánchez, Jeritza Merchán Díaz... [et al] 
260 |a Bogotá (Colombia):  |b Universidad Pedagógica Nacional,  |c 2015 
300 |a 213 p. 
440 |a Colección Trabajos de la Memoria  |9 3010 
500 |a Trabajos de la Memoria 
504 |a Incluye bibliografía. Indice onomástico y temático 
650 |a Educación  |z Colombia  |9 1719 
650 |a Ciencias Sociales  |z Métodos de Enseñanza  |9 2994 
650 |a Sociología de la Educación  |z Colombia  |9 2859 
650 |2 Pedagogía  |x Crítica  |9 3011 
650 |a Historia   |x Enseñanza  |z Colombia  |9 2996 
650 |a Pedagogía  |x Investigaciones Educativas  |z Colombia  |9 2997 
650 |a Identidad Cultural  |z Colombia  |9 2998 
650 |a Reforma Educativa   |z Colombia  |9 2999 
700 |a Gerardo Vélez Villafañe  |9 3000 
942 |2 ddc  |c BK 
999 |c 5234  |d 5234 
856 |u https://catalogo.idep.edu.co/cgi-bin/koha/opac-detail.pl?biblionumber=5234  |z Enlace del recurso